MARC

LEADER 00000nam0a2200000 4500
001 26802
005 20231030201808.0
035 |a (RuTPU)RU\TPU\book\27046 
035 |a BOOK00027121 
090 |a 26802 
100 |a 20011209d2000 m y0rusy50 ca 
101 0 |a rus 
102 |a RU 
105 |a а j 000zy 
200 1 |a Биохимия и молекулярная биология  |e учебное пособие  |f В. Эллиот, Д. Эллиот 
210 |a Москва  |c Изд-во НИИ биомедицинской химии РАМН  |d 2000 
215 |a 372 с.  |c ил. 
610 1 |a биология 
610 1 |a биохимия 
610 1 |a молекулярная биология 
610 1 |a белки 
610 1 |a мембраны 
610 1 |a структура 
610 1 |a метаболизм 
610 1 |a информация 
610 1 |a кислород 
610 1 |a углекислый газ 
610 1 |a транспортировка 
610 1 |a клетки 
610 1 |a учебные пособия 
675 |a 577.1(075.8)  |v 3 
700 1 |a Эллиот  |b В.  |g Вильям 
701 1 |a Эллиот  |b Д.  |g Дафна 
801 0 |a RU  |b 63413507  |c 20011209  |g PSBO 
801 2 |a RU  |b 63413507  |c 20120213  |g PSBO 
900 |a Общая биология и микробиология 
942 |c BK